Catalog

Record Details

Catalog Search



Racing rivals  Cover Image Book Book

Racing rivals / by Evan Shine ; illustrated by Josh Holtsclaw.

Shine, Evan. (Author). Holtsclaw, Josh, (illustrator.).

Summary:

Lightning McQueen is determined to defeat Italian racing superstar Francesco Bernoulli in an international racing tournament, but he might threaten his friendship with Mater in the process.

Record details

  • ISBN: 9780736427791 (pbk.)
  • ISBN: 0736427791 (pbk.)
  • Physical Description: 1 v. (unpaged) : color illustrations ; 21 cm.
  • Publisher: New York : Random House, c2011.

Content descriptions

General Note:
Cover title.
At head of title: Disney Pixar Cars 2.
Subject: Cars 2 (Motion picture) > Juvenile literature.
Automobiles, Racing > Juvenile fiction.
Automobiles > Juvenile fiction.
Automobiles > Fiction.
Friendship > Fiction.
Automobile racing > Fiction.
Genre: Movie novels.

LDR 01406cam a2200349Ia 4500
001134106
003CONS
00520140703073308.0
008110516s2011 nyua j 000 1 eng d
020 . ‡a9780736427791 (pbk.)
020 . ‡a0736427791 (pbk.)
035 . ‡a(CPomAG)LMN506439
05014. ‡aPZ7.S55674 ‡bRac 2011
08204. ‡a[E] ‡222
1001 . ‡aShine, Evan.
24510. ‡aRacing rivals / ‡cby Evan Shine ; illustrated by Josh Holtsclaw.
260 . ‡aNew York : ‡bRandom House, ‡cc2011.
300 . ‡a1 v. (unpaged) : ‡bcolor illustrations ; ‡c21 cm.
500 . ‡aCover title.
500 . ‡aAt head of title: Disney Pixar Cars 2.
520 . ‡aLightning McQueen is determined to defeat Italian racing superstar Francesco Bernoulli in an international racing tournament, but he might threaten his friendship with Mater in the process.
63000. ‡aCars 2 (Motion picture) ‡vJuvenile literature.
650 0. ‡aAutomobiles, Racing ‡vJuvenile fiction.
650 0. ‡aAutomobiles ‡vJuvenile fiction.
650 1. ‡aAutomobiles ‡vFiction.
650 1. ‡aFriendship ‡vFiction.
650 1. ‡aAutomobile racing ‡vFiction.
655 7. ‡aMovie novels. ‡2sears
7001 . ‡aHoltsclaw, Josh, ‡eillustrator.
7300 . ‡aCars 2 (Motion picture)
959 . ‡i32269000892573 ‡lBR Dis ‡aJuvenile - Easy ‡tBeginning Reader ‡g18.00
852 . ‡p32269000892573 ‡jBR Dis ‡gJuvenile - Easy ‡cBeginning Reader ‡y18.00 ‡bSBPL
901 . ‡a134106 ‡bUnknown ‡c134106 ‡tbiblio

Additional Resources